000 00264nam a22001217a 4500
008 181205b xxu||||| |||| 00| 0 eng d
041 _aeng
080 _a330
100 _a53
101 _aECO
245 _aEconomic Development
_cCharles.k
942 _2udc
_cBK
999 _c52870
_d52870